000 01052nam a2200241 a 4500
005 20240920063922.0
008 020225s1999 mx r 000 0 spa d
035 _aUPN01000116417
049 _aCE
050 4 _aLC5219 E3
_bL5.5
100 1 _aLimón Segovia, Araceli
_929019
245 1 0 _aMatemáticas para empezar /
_cAraceli Limón Segovia, Ma. Eugenia Ramírez Rojano, Ana Luisa Campa Díaz de León.
260 _aMéxico :
_bINEA,
_c1999.
300 _a1 paquete (7 piezas)
_bil. col.
440 0 _aEducación para la vida.
_pMatemáticas
505 8 _aContenido:
_tLibro del adulto 1 --
_tLibro del adulto 2 --
_tLibro del adulto 3 --
_tFichas del adulto --
_tGuía del asesor pliego 2 --
_tGuía y fichas del asesor --
_tGeoplano
650 4 _aMatemáticas
_xEstudio y enseñanza (Elemental)
_92809
650 4 _aMatemáticas
_vProblemas, ejercicios, etc.
_93580
650 4 _aEducación de adultos
_9956
700 1 _aRamírez Rojano, María Eugenia,
_ecoaut.
_929910
700 1 _aCampa Díaz de León, Ana Luisa,
_ecoaut.
_928631
905 _aLibro
999 _c89154
_d89154